Pokémon - Attacken von Alola-Raichu in KA/PU - Statistiken

Allgemein
  • Dieses Quiz wurde 2 mal gespielt
  • Das Durchschnittsergebnis liegt bei 22 aus 75
Antwortstatistiken
Antwort % Korrekt
Bodycheck
100%
Charme
100%
Donner
100%
Donnerblitz
100%
Donnerschock
100%
Donnerwelle
100%
Funkensprung
100%
Heuler
100%
Rutenschlag
100%
Surfer
100%
Agilität
50%
Bodyslam
50%
Doppelteam
50%
Eisenschweif
50%
Elektroball
50%
Elektrofeld
50%
Erholung
50%
Knuddler
50%
Ladestrahl
50%
Ladevorgang
50%
Ladungsstoß
50%
Lichtschild
50%
Psychofeld
50%
Psychokinese
50%
Psycholärm
50%
Ränkeschmied
50%
Rechte Hand
50%
Ruckzuckhieb
50%
Schaufler
50%
Schutzschild
50%
Sternschauer
50%
Strauchler
50%
Voltwechsel
50%
Wangenrubbler
50%
Abschlag
0%
Ausdauer
0%
Bitterkuss
0%
Delegator
0%
Diebeskuss
0%
Donnerschlag
0%
Dreschflegel
0%
Durchbruch
0%
Elektronetz
0%
Fähigkeitstausch
0%
Fassade
0%
Flächenmacht
0%
Fokusstoß
0%
Gedankengut
0%
Gegenschlag
0%
Geschenk
0%
Gigastoß
0%
Hyperstrahl
0%
Kameradschaft
0%
Kraftvorrat
0%
Lockstimme
0%
Mogelhieb
0%
Mystowellen
0%
Notsituation
0%
Offenlegung
0%
Power-Punch
0%
Psychoschock
0%
Raub
0%
Reflektor
0%
Regentanz
0%
Säuselstimme
0%
Schlafrede
0%
Schleuder
0%
Schnellkonter
0%
Spaßkanone
0%
Stromstoß
0%
Tera-Ausbruch
0%
Trugträne
0%
Wegbereiter
0%
Wunschtraum
0%
Zugabe
0%
Keine übereinstimmenden Quizze gefunden
Verteilung der Resultate
Anzahl Personen mit jedem Resultat
Perzentil nach korrekt beantworteten Fragen
Ihre Resultats-Entwicklung
Sie haben dieses Quiz noch nicht gespielt